000 01199nam0a2200313 4500
001 RU\NLR\bibl\988274
005 20250614220650.0
010 _a5-17-036175-0
_bАСТ
010 _a5-9713-2325-3
_bАСТ МОСКВА
010 _a5-9578-4170-6
_bТранзиткнига
_910000
021 _aRU
_b2006-50180
_92480
035 _a(NLR Aleph) 000976122
090 _a429763
_c429763
100 _a20060927d2006 |||y0rusy50 ca
101 0 _arus
102 _aRU
105 _ay |||||||||
200 1 _aТемная башня
_eпутеводитель
_fБев Винсент
_g[пер. с англ. В.А. Вебера]
210 _aМосква
_cАСТ [и др.]
_d2006
215 _a445, [1] с.
_d21
320 _aБиблиогр. в подстроч. прим.
604 _1700#1$aКинг$bС.$gСтивен$f1947
_150010$a"Темная башня"$2nlr_sh2$3RU\NLR\AUTH\661452585
_aКинг, Стивен (1947)
_t"Темная башня"
_92441823
_3RU\NLR\AUTH\661452585
686 _aШ5(7США)6-4Кинг 534
700 1 _aВинсент
_bБ.
_gБев
_4070
801 0 _aRU
_bNLR
_c20060927
_grcr
801 1 _aRU
_bNLR
_c20060927
942 _cBOOK
980 _aNB